Loading...
| History - World | 0 | 8 | 0 | 3 | 80 | 48 | 104.75 | 1 | 4 | 14.24 | 40.23 |
| History - European | 0 | 5 | 0 | 2 | 50 | 101 | 120.00 | 0 | 1 | 1.75 | 10.68 |
| Fine Arts - Other | 0 | 5 | 0 | 0 | 50 | 96 | 119.60 | 0 | 0 | 3.90 | 13.18 |
| Fine Arts - Classical Music | 0 | 3 | 0 | 0 | 30 | 101 | 109.67 | 0 | 0 | 2.62 | 6.82 |
| Fine Arts - Painting and Sculpture | 0 | 3 | 0 | 1 | 30 | 70 | 93.67 | 0 | 1 | 6.95 | 14.55 |
| Literature - World | 0 | 3 | 0 | 1 | 30 | 131 | 132.33 | 0 | 0 | 1.53 | 6.36 |
| History - Other | 0 | 2 | 0 | 0 | 20 | 79 | 96.50 | 0 | 1 | 3.41 | 10.00 |
| Philosophy | 0 | 2 | 0 | 0 | 20 | 90 | 95.00 | 0 | 1 | 3.65 | 13.18 |
| Literature - British | 0 | 2 | 0 | 0 | 20 | 131 | 140.50 | 0 | 0 | 0.46 | 6.82 |
| Religion | 0 | 2 | 0 | 1 | 20 | 122 | 130.00 | 0 | 0 | 0.22 | 5.68 |
| Mythology | 0 | 2 | 1 | 0 | 15 | 105 | 106.50 | 0 | 0 | 2.80 | 10.00 |
| Literature - European | 0 | 1 | 0 | 0 | 10 | 146 | 146.00 | 0 | 0 | 0.36 | 1.82 |
| History - American | 0 | 1 | 0 | 1 | 10 | 131 | 131.00 | 0 | 0 | 0.00 | 2.27 |
| Science - Chemistry | 0 | 1 | 0 | 0 | 10 | 85 | 85.00 | 0 | 0 | 1.44 | 3.41 |
| Science - Other | 0 | 1 | 0 | 0 | 10 | 99 | 99.00 | 1 | 1 | 1.83 | 9.09 |
| Science - Physics | 0 | 1 | 0 | 0 | 10 | 112 | 112.00 | 0 | 0 | 0.81 | 5.45 |
| Science - Biology | 0 | 1 | 0 | 0 | 10 | 114 | 114.00 | 0 | 0 | 0.00 | 1.82 |
| Literature - American | 0 | 0 | 0 | 0 | 0 | 0.00 | 0 | 0 | 0.00 | 0.00 | |
| Geography | 0 | 0 | 1 | 0 | -5 | 0.00 | 0 | 0 | 0.00 | 0.00 | |
| Social Science | 0 | 0 | 1 | 0 | -5 | 0.00 | 0 | 0 | 0.00 | 0.00 |